Hacienda Pública (Registro nro. 1010)
[ vista simple ]
| 000 -LEADER | |
|---|---|
| fixed length control field | 01149 a2200205 4500 |
| 001 - CONTROL NUMBER | |
| control field | 22405 |
| 005 - DATE AND TIME OF LATEST TRANSACTION | |
| control field | 20260407155515.0 |
| 008 - FIXED-LENGTH DATA ELEMENTS--GENERAL INFORMATION | |
| fixed length control field | 260407a1968 arg spa d |
| 003 - CONTROL NUMBER IDENTIFIER | |
| control field | AR-UNSa-BCEJYS |
| 040 ## - CATALOGING SOURCE | |
| Original cataloging agency | AR-UNSa-BCEJYS |
| Language of cataloging | spa |
| Transcribing agency | AR-UNSa-BCEJYS |
| 080 ## - UNIVERSAL DECIMAL CLASSIFICATION NUMBER | |
| Universal Decimal Classification number | 336.1 |
| Common auxiliary subdivision | Finanzas Públicas. Finanzas del gobierno en general<br/> <br/> |
| 100 1# - MAIN ENTRY--PERSONAL NAME | |
| Personal name | Duverger, Maurice |
| 245 10 - TITLE STATEMENT | |
| Title | Hacienda Pública |
| 264 #1 - PRODUCTION, PUBLICATION, DISTRIBUTION, MANUFACTURE, AND COPYRIGHT NOTICE | |
| Place of production, publication, distribution, manufacture | Barcelona : |
| Name of producer, publisher, distributor, manufacturer | Bosch |
| Date of production, publication, distribution, manufacture, or copyright notice | 1968 |
| 300 ## - PHYSICAL DESCRIPTION | |
| Extent | 437 p. |
| Dimensions | 22 cm. |
| 505 ## - FORMATTED CONTENTS NOTE | |
| Formatted contents note | Libro I: Cuadro general de las instituciones financieras - Parte I: Los medios de la actuación financiera: gastos, recursos y tesorería - 1. Los gastos públicos - 2. Los recursos públicos - 3. Tesorería pública - Parte II: El plan financiero: presupuesto y cuentas públicas - 1. La concepción del presupuesto - 2. La formación del presupuesto - 3. La ejecución del presupuesto - Libro II: Estudio especial del sistema fiscal - Parte I: Teoría general del impuesto - 1. La técnica del impuesto - 2. El derecho del impuesto - 3. La sociología del impuesto<br/> |
| 590 ## - LOCAL NOTE (RLIN) | |
| Local note | niveau_biblio:m niveau_hierar:0 |
| 700 1# - ADDED ENTRY--PERSONAL NAME | |
| Personal name | Ruiz Tarversí, José Luis |
| 942 ## - ADDED ENTRY ELEMENTS (KOHA) | |
| Koha item type | |
| Withdrawn status | Lost status | Damaged status | Not for loan | Home library | Current library | Shelving location | Date acquired | Total checkouts | Full call number | Barcode | Date last seen | Price effective from | Koha item type |
|---|---|---|---|---|---|---|---|---|---|---|---|---|---|
| Biblioteca Prof. Eusebio Cleto del Rey | Biblioteca Prof. Eusebio Cleto del Rey | 07/04/2026 | 336.1 D985 | L24633 | 07/04/2026 | 07/04/2026 | Libro |